[Event "Aragon-chT"]
[Site "Spain"]
[Date "2004.??.??"]
[Round "?"]
[White "Gil Capape, Javier"]
[Black "Glavina, Pablo"]
[Result "1/2-1/2"]
[WhiteElo "2485"]
[BlackElo "2467"]
[PlyCount "30"]
[EventDate "2004.01.??"]
[EventType "team"]
[EventRounds "11"]
[EventCountry "ESP"]
[SourceTitle "EXT 2006"]
[Source "ChessBase"]
[SourceDate "2005.11.24"]
[SourceVersion "1"]
[SourceVersionDate "2005.11.24"]
[SourceQuality "1"]

1. e4 c6 2. d4 d5 3. Nc3 dxe4 4. Nxe4 Bf5 5. Ng3 Bg6 6. h4 h6 7. Nf3 Nd7 8. h5 Bh7 9. Bd3 Bxd3 10. Qxd3 Ngf6 11. Bf4 Qa5+ 12. Bd2 Qc7 13. 0-0-0 e6 14. Ne4 0-0-0 15. Nxf6 Nxf6 1/2-1/2

[Event "ESP-chT fin"]
[Site "Sanxenxo"]
[Date "2003.11.19"]
[Round "3"]
[White "Nijboer, Friso"]
[Black "Gil Capape, Javier"]
[Result "1/2-1/2"]
[WhiteElo "2577"]
[BlackElo "2444"]
[PlyCount "76"]
[EventDate "2003.11.17"]
[EventType "team"]
[EventRounds "6"]
[EventCountry "ESP"]
[SourceTitle "CBM 097 Extra"]
[Source "ChessBase"]
[SourceDate "2004.01.13"]
[SourceVersion "1"]
[SourceVersionDate "2004.01.13"]
[SourceQuality "1"]

1. e4 c6 2. d4 d5 3. e5 Bf5 4. Nf3 e6 5. Be2 Nd7 6. 0-0 Bg6 7. a3 Nh6 8. Nbd2 Nf5 9. b3 Be7 10. Bb2 f6 11. c4 fxe5 12. dxe5 0-0 13. b4 a5 14. Qb3 Qb6 15. c5 Qc7 16. Rae1 axb4 17. axb4 b6 18. g4 Nh4 19. Nxh4 Bxh4 20. Nf3 Be7 21. Nd4 Bf7 22. b5 Nxc5 23. Qe3 Na4 24. Ba1 c5 25. Nc6 Be8 26. Nxe7+ Qxe7 27. f4 Ra5 28. Rb1 Bg6 29. Rbd1 Be4 30. f5 Raa8 31. Rf4 exf5 32. gxf5 Qg5+ 33. Qg3 Qxg3+ 34. hxg3 Rxf5 35. Rxf5 Bxf5 36. Rxd5 Be6 37. Rd6 Kf7 38. Kf2 Ke7 1/2-1/2

[Event "Aragon-chT"]
[Site "Aragon"]
[Date "2003.03.08"]
[Round "7"]
[White "Gil Capape, Javier"]
[Black "Adla, Diego Gustavo"]
[Result "1/2-1/2"]
[WhiteElo "2441"]
[BlackElo "2494"]
[PlyCount "48"]
[EventDate "2003.02.??"]
[EventType "team"]
[EventRounds "9"]
[EventCountry "ESP"]
[SourceTitle "EXT 2004"]
[Source "ChessBase"]
[SourceDate "2003.11.25"]
[SourceVersion "1"]
[SourceVersionDate "2003.11.25"]
[SourceQuality "1"]

1. d4 d5 2. c4 e6 3. Nf3 Nf6 4. Nc3 c6 5. Bg5 Nbd7 6. e3 Qa5 7. Be2 Ne4 8. 0-0 Nxg5 9. Nxg5 dxc4 10. f4 Be7 11. Bxc4 b5 12. Bb3 b4 13. Nce4 h6 14. Nf3 Ba6 15. Rf2 0-0 16. Ne5 Nxe5 17. fxe5 c5 18. Nf6+ Kh8 19. Qc2 Bxf6 20. exf6 cxd4 21. fxg7+ Kxg7 22. exd4 Rac8 23. Qe4 Bc4 24. Rd1 Qd5 1/2-1/2

[Event "ESP-chT1"]
[Site "Mondariz"]
[Date "2002.09.13"]
[Round "5.1"]
[White "Conquest, Stuart"]
[Black "Gil Capape, Javier"]
[Result "1/2-1/2"]
[WhiteElo "2542"]
[BlackElo "2434"]
[PlyCount "115"]
[EventDate "2002.09.04"]
[EventType "team"]
[EventRounds "6"]
[EventCountry "ESP"]
[SourceTitle "CBM 090 Extra"]
[Source "ChessBase"]
[SourceDate "2002.11.07"]
[SourceVersion "1"]
[SourceVersionDate "2002.11.07"]
[SourceQuality "1"]

1. e4 c6 2. d4 d5 3. Nd2 dxe4 4. Nxe4 Nf6 5. Nxf6+ gxf6 6. Nf3 Bg4 7. Be2 Qc7 8. Be3 Nd7 9. Nd2 Bf5 10. c4 e6 11. 0-0 Bg7 12. c5 0-0 13. a4 Rfd8 14. Qc1 b6 15. b4 bxc5 16. bxc5 Nf8 17. Nc4 Be4 18. Nd6 f5 19. Rd1 Ng6 20. Bh6 Bd5 21. Bxg7 Kxg7 22. Ra3 Qe7 23. Rh3 f4 24. Rh5 Rab8 25. Bc4 Rxd6 26. cxd6 Qxd6 27. Bxd5 cxd5 28. Rh3 Rb4 29. Qa3 Qb6 30. Rhd3 a5 31. h3 Qc6 32. Ra1 Qc2 33. Rdd1 Nh4 34. Qd3 Qc6 35. Qe2 Ng6 36. h4 Nxh4 37. Qe5+ f6 38. Qxf4 Ng6 39. Qe3 e5 40. dxe5 fxe5 41. Qa7+ Rb7 42. Qxa5 d4 43. Qe1 Kf6 44. Ra3 Nf4 45. Rf3 Qxa4 46. Ra1 Qc6 47. Ra5 Rb5 48. Kh2 Rxa5 49. Qxa5 Kf5 50. Qa2 d3 51. Qf7+ Ke4 52. Qxh7+ Kd4 53. Qa7+ Kc3 54. Qa1+ Kc2 55. Qa2+ Kc1 56. Qa1+ Kc2 57. Qa2+ Kc1 58. Qa1+ 1/2-1/2

[Event "ESP-chT1"]
[Site "Mondariz"]
[Date "2002.09.10"]
[Round "2"]
[White "Gil Capape, Javier"]
[Black "Teijeiro Barros, Alberto"]
[Result "1-0"]
[WhiteElo "2434"]
[BlackElo "2269"]
[PlyCount "63"]
[EventDate "2002.09.04"]
[EventType "team"]
[EventRounds "6"]
[EventCountry "ESP"]
[SourceTitle "CBM 090 Extra"]
[Source "ChessBase"]
[SourceDate "2002.11.07"]
[SourceVersion "1"]
[SourceVersionDate "2002.11.07"]
[SourceQuality "1"]

1. d4 Nf6 2. c4 e6 3. Nf3 b6 4. e3 Bb7 5. Bd3 d5 6. 0-0 Be7 7. b3 0-0 8. Bb2 c5 9. Nbd2 cxd4 10. exd4 Nc6 11. Rc1 dxc4 12. bxc4 Rc8 13. Qe2 Qd6 14. Rfd1 Rfe8 15. g3 Bf8 16. Nf1 Na5 17. Ne3 Be4 18. Bxe4 Nxe4 19. Ng4 Qc6 20. Nfe5 Qb7 21. d5 exd5 22. Rxd5 f5 23. Ne3 Nf6 24. Rdd1 f4 25. gxf4 Qe4 26. Rd4 Qb7 27. N3g4 Rcd8 28. Nxf6+ gxf6 29. Rxd8 Rxd8 30. Ng4 Bg7 31. Bxf6 Bxf6 32. Qe6+ 1-0

[Event "Aragon-chT"]
[Site "Zaragoza"]
[Date "2002.04.27"]
[Round "?.2"]
[White "Lopez Gracia, Fernando"]
[Black "Gil Capape, Javier"]
[Result "0-1"]
[WhiteElo "2253"]
[BlackElo "2435"]
[PlyCount "61"]
[EventDate "2002.03.17"]
[EventType "team"]
[EventRounds "7"]
[EventCountry "ESP"]
[SourceTitle "EXT 2003"]
[Source "ChessBase"]
[SourceDate "2002.11.25"]
[SourceVersion "1"]
[SourceVersionDate "2002.11.25"]
[SourceQuality "1"]
[WhiteTeam "St Casablanca"]
[BlackTeam "Olivar"]
[WhiteTeamCountry "ESP"]
[BlackTeamCountry "ESP"]

1. e4 c5 2. Nf3 d6 3. d4 cxd4 4. Nxd4 Nf6 5. Nc3 e6 6. Be3 Nc6 7. f3 Be7 8. Qd2 0-0 9. 0-0-0 d5 10. exd5 Nxd5 11. Nxd5 Qxd5 12. c4 Qd6 13. Nxc6 Qxc6 14. Kb1 e5 15. Bd3 Be6 16. Rc1 Rad8 17. Qe2 f5 18. Ka1 Bf6 19. Rhe1 e4 20. fxe4 f4 21. Bf2 Be5 22. Red1 Qa6 23. Bc2 Qa3 24. Bb3 Bg4 25. Rxd8 Rxd8 26. Qc2 Bd1 27. Bc5 Bxc2 28. Bxa3 Bxb3 29. axb3 Rd2 30. b4 Rxg2 31. b5 0-1

[Event "ESP-chT"]
[Site "Ponferrada"]
[Date "1997.??.??"]
[Round "1"]
[White "Alvarez Ibarra, Rafael"]
[Black "Gil Capape, Javier"]
[Result "0-1"]
[WhiteElo "2395"]
[BlackElo "2440"]
[PlyCount "104"]
[EventDate "1997.08.29"]
[EventType "team"]
[EventRounds "9"]
[EventCountry "ESP"]
[SourceTitle "CBM 060 Extra"]
[Source "ChessBase"]
[SourceDate "1997.11.04"]
[SourceVersion "1"]
[SourceVersionDate "1997.11.04"]
[SourceQuality "1"]

1. d4 Nf6 2. c4 e6 3. Nf3 d5 4. Nc3 Be7 5. Bg5 Nbd7 6. e3 0-0 7. Qc2 a6 8. cxd5 exd5 9. Bd3 Re8 10. 0-0 g6 11. h3 Nb6 12. Rae1 Nh5 13. Bxe7 Rxe7 14. Ne5 f6 15. Nf3 Be6 16. Ne2 Qd7 17. Nd2 Rae8 18. Ng3 Nxg3 19. fxg3 Kg7 20. Nf3 Qd6 21. Qf2 Bd7 22. g4 Bb5 23. Bxb5 axb5 24. b3 Nd7 25. Re2 c5 26. dxc5 Nxc5 27. Nd4 b4 28. Qf4 Qxf4 29. Rxf4 Rxe3 30. Rxe3 Rxe3 31. Nc2 Re4 32. Rxe4 dxe4 33. Kf2 Nd3+ 34. Ke3 f5 35. gxf5 gxf5 36. g4 Kf6 37. Nd4 fxg4 38. hxg4 Ke5 39. Nc2 h6 40. Nd4 Nf4 41. Nf5 h5 42. Nh6 Nd5+ 43. Kf2 hxg4 44. Nxg4+ Kd4 45. Ke2 e3 46. Nh2 Nc3+ 47. Ke1 Nxa2 48. Nf3+ Ke4 49. Ng5+ Kd3 50. Ne6 b6 51. Nc7 Nc3 52. Ne6 b5 0-1

[Event "Spain"]
[Site "Spain"]
[Date "1997.??.??"]
[Round "6"]
[White "Foisor, Cristina Adela B"]
[Black "Gil Capape, Javier"]
[Result "0-1"]
[WhiteElo "2400"]
[BlackElo "2435"]
[PlyCount "121"]
[EventDate "1997.??.??"]
[EventType "tourn"]
[EventRounds "9"]
[EventCountry "ESP"]
[SourceTitle "EXT 1999"]
[Source "ChessBase"]
[SourceDate "1998.11.16"]
[SourceVersion "1"]
[SourceVersionDate "1998.11.16"]
[SourceQuality "1"]

1. c4 b6 2. Nf3 Bb7 3. g3 Bxf3 4. exf3 g6 5. d4 Bg7 6. f4 Nf6 7. d5 c5 8. Nc3 d6 9. h4 0-0 10. Be2 Na6 11. h5 Nc7 12. f5 gxf5 13. h6 Bh8 14. Qd2 Re8 15. Qg5+ Kf8 16. Qxf5 e6 17. dxe6 Nxe6 18. Be3 Nd4 19. Qd3 d5 20. 0-0-0 Nxe2+ 21. Nxe2 Ne4 22. cxd5 Qf6 23. Nc3 Nxc3 24. Qxc3 Qxc3+ 25. bxc3 Bxc3 26. d6 Rad8 27. Rd3 Be5 28. d7 Re6 29. Rhd1 Ke7 30. f4 Bc7 31. f5 Re4 32. Bg5+ f6 33. Bf4 Bxf4+ 34. gxf4 Rd4 35. Rxd4 cxd4 36. Rxd4 Rxd7 37. Re4+ Kd6 38. Re6+ Kd5 39. Kd2 b5 40. Kc3 a5 41. Kb3 Kc5 42. Rxf6 Rd3+ 43. Kc2 Rd4 44. Rf7 Rxf4 45. Kd3 Kd5 46. Ke3 Rf1 47. Rxh7 Rxf5 48. Rh8 Rf7 49. Rg8 Rh7 50. Rg5+ Kc4 51. Rh5 Kc3 52. Ke2 b4 53. Kd1 Kb2 54. Rh2+ Kb1 55. Rh5 a4 56. Rh4 b3 57. Kd2 b2 58. Rxa4 Rxh6 59. Rb4 Kxa2 60. Rb8 b1Q 61. Rxb1 0-1

[Event "Spain"]
[Site "Spain"]
[Date "1997.??.??"]
[Round "1"]
[White "Gil Capape, Javier"]
[Black "Baron Rodriguez, Jesus"]
[Result "1-0"]
[WhiteElo "2435"]
[BlackElo "2380"]
[PlyCount "37"]
[EventDate "1997.??.??"]
[EventType "tourn"]
[EventRounds "9"]
[EventCountry "ESP"]
[SourceTitle "EXT 1999"]
[Source "ChessBase"]
[SourceDate "1998.11.16"]
[SourceVersion "1"]
[SourceVersionDate "1998.11.16"]
[SourceQuality "1"]

1. d4 d5 2. Nf3 Nf6 3. c4 dxc4 4. Nc3 c5 5. d5 e6 6. e4 exd5 7. e5 Nfd7 8. Bg5 Be7 9. Bxe7 Qxe7 10. Nxd5 Qd8 11. Qc2 Nxe5 12. Qe4 Be6 13. Qxe5 Qxd5 14. Qxg7 Qe4+ 15. Be2 Rf8 16. Ng5 Qg6 17. Nxe6 Qxe6 18. 0-0-0 Qg6 19. Rhe1 1-0

[Event "Spain"]
[Site "Spain"]
[Date "1997.??.??"]
[Round "2"]
[White "Lafarga Santorroman, David"]
[Black "Gil Capape, Javier"]
[Result "1/2-1/2"]
[WhiteElo "2240"]
[BlackElo "2435"]
[PlyCount "49"]
[EventDate "1997.??.??"]
[EventType "tourn"]
[EventRounds "9"]
[EventCountry "ESP"]
[SourceTitle "EXT 1999"]
[Source "ChessBase"]
[SourceDate "1998.11.16"]
[SourceVersion "1"]
[SourceVersionDate "1998.11.16"]
[SourceQuality "1"]

1. e4 g6 2. d4 Bg7 3. Nc3 c6 4. Nf3 d6 5. Be3 Nf6 6. Qd2 Ng4 7. Bg5 f6 8. Bf4 e5 9. dxe5 dxe5 10. Qxd8+ Kxd8 11. Bg3 Be6 12. h3 Nh6 13. Nd2 Nf7 14. Bc4 Ke7 15. Bxe6 Kxe6 16. 0-0 Na6 17. a3 Rhd8 18. Rad1 Nd6 19. f4 Bh6 20. fxe5 fxe5 21. Bh4 Rf8 22. Nf3 Be3+ 23. Kh1 h6 24. Rd3 Bb6 25. Rfd1 1/2-1/2

[Event "ESP-chT"]
[Site "Cordoba"]
[Date "1995.??.??"]
[Round "8"]
[White "Rodriguez Vargas, Orestes"]
[Black "Gil Capape, Javier"]
[Result "1-0"]
[WhiteElo "2445"]
[BlackElo "2425"]
[PlyCount "67"]
[EventDate "1995.??.??"]
[EventType "team"]
[EventRounds "9"]
[EventCountry "ESP"]
[SourceTitle "EXT 2000"]
[Source "ChessBase"]
[SourceDate "1999.11.16"]
[SourceVersion "1"]
[SourceVersionDate "1999.11.16"]
[SourceQuality "1"]

1. d4 Nf6 2. c4 e6 3. Nf3 d5 4. g3 Be7 5. Bg2 0-0 6. 0-0 dxc4 7. Qa4 a6 8. Qxc4 b5 9. Qc2 Bb7 10. Bf4 Nc6 11. Rd1 Nb4 12. Qc1 Qc8 13. Be5 Nd7 14. a3 Nd5 15. e4 N5f6 16. Bxf6 Nxf6 17. e5 Nd5 18. Nbd2 c5 19. dxc5 Qxc5 20. Qxc5 Bxc5 21. Rac1 Rac8 22. Ne4 Be7 23. Nd4 b4 24. a4 Nb6 25. Rxc8 Rxc8 26. Nd6 Bxd6 27. Bxb7 Rc7 28. exd6 Rxb7 29. Rc1 g6 30. a5 Nd5 31. Rc6 Ra7 32. Nb3 Kg7 33. Nc5 Kf6 34. Rc8 1-0

[Event "ESP-chT"]
[Site "Cordoba"]
[Date "1995.??.??"]
[Round "2"]
[White "Sion Castro, Marcelino"]
[Black "Gil Capape, Javier"]
[Result "1/2-1/2"]
[WhiteElo "2390"]
[BlackElo "2425"]
[PlyCount "49"]
[EventDate "1995.??.??"]
[EventType "team"]
[EventRounds "9"]
[EventCountry "ESP"]
[SourceTitle "EXT 2000"]
[Source "ChessBase"]
[SourceDate "1999.11.16"]
[SourceVersion "1"]
[SourceVersionDate "1999.11.16"]
[SourceQuality "1"]

1. e4 c6 2. d4 d5 3. Nd2 dxe4 4. Nxe4 Nf6 5. Nxf6+ gxf6 6. c3 Bf5 7. Nf3 e6 8. g3 Qd5 9. Bg2 Qc4 10. Bf1 Qd5 11. Bg2 Qc4 12. Nh4 Bd3 13. Qd2 Na6 14. b3 Qb5 15. Bb2 0-0-0 16. Rd1 Bg6 17. Nxg6 hxg6 18. Qe2 Qxe2+ 19. Kxe2 Bg7 20. h4 f5 21. Rd3 Nc7 22. Rhd1 Nd5 23. Ba3 Rd7 24. Bc5 Kc7 25. Ba3 1/2-1/2

[Event "ESP-chT"]
[Site "Cala Galdana"]
[Date "1994.??.??"]
[Round "?"]
[White "Corral Blanco, Juan Antonio"]
[Black "Gil Capape, Javier"]
[Result "1/2-1/2"]
[WhiteElo "2395"]
[BlackElo "2425"]
[PlyCount "56"]
[EventDate "1994.??.??"]
[EventType "team"]
[EventRounds "9"]
[EventCountry "ESP"]
[SourceTitle "EXT 1997"]
[Source "ChessBase"]
[SourceDate "1996.11.15"]
[SourceVersion "1"]
[SourceVersionDate "1996.11.15"]
[SourceQuality "1"]

1. d4 d5 2. c4 c6 3. cxd5 cxd5 4. Nf3 Nf6 5. Nc3 Nc6 6. Bf4 Bf5 7. e3 e6 8. Bb5 Nd7 9. Ne5 Ncxe5 10. Bxe5 a6 11. Bxd7+ Qxd7 12. 0-0 Rc8 13. Rc1 f6 14. Bg3 Be7 15. Ne2 0-0 16. Qd2 Qa4 17. a3 b5 18. Rxc8 Rxc8 19. Rc1 Rc4 20. f3 Qb3 21. Rxc4 Qxc4 22. Be1 Kf7 23. Kf2 Bd6 24. h3 g5 25. Qc3 Qxc3 26. Nxc3 h5 27. Na2 Bb1 28. Nb4 Bxb4 1/2-1/2

[Event "ESP-chT"]
[Site "Cala Galdana"]
[Date "1994.??.??"]
[Round "7"]
[White "Gil Capape, Javier"]
[Black "Garcia Ilundain, David"]
[Result "1/2-1/2"]
[WhiteElo "2425"]
[BlackElo "2475"]
[PlyCount "29"]
[EventDate "1994.??.??"]
[EventType "team"]
[EventRounds "9"]
[EventCountry "ESP"]
[SourceTitle "EXT 1998"]
[Source "ChessBase"]
[SourceDate "1997.11.17"]
[SourceVersion "1"]
[SourceVersionDate "1997.11.17"]
[SourceQuality "1"]

1. a3 d5 2. d4 Nf6 3. Nf3 g6 4. Bf4 Bg7 5. e3 0-0 6. Be2 c5 7. c3 Nc6 8. Nbd2 cxd4 9. cxd4 Nh5 10. Bg3 Nxg3 11. hxg3 Bf5 12. 0-0 Qd6 13. Qb3 Rfc8 14. Rfc1 Bd7 15. Rc5 1/2-1/2

[Event "Zaragoza"]
[Site "Zaragoza"]
[Date "1993.??.??"]
[Round "5"]
[White "Gil Capape, Javier"]
[Black "Carruez Berges, Fernando"]
[Result "1-0"]
[WhiteElo "2425"]
[BlackElo "2200"]
[PlyCount "61"]
[EventDate "1993.??.??"]
[EventType "tourn"]
[EventRounds "9"]
[EventCountry "ESP"]
[EventCategory "2"]
[SourceTitle "EXT 1997"]
[Source "ChessBase"]
[SourceDate "1996.11.15"]
[SourceVersion "1"]
[SourceVersionDate "1996.11.15"]
[SourceQuality "1"]

1. d4 Nf6 2. c4 d6 3. Nc3 Nbd7 4. Nf3 e5 5. Bg5 Be7 6. e3 c6 7. Qc2 h6 8. Bh4 Qa5 9. a3 a6 10. Be2 0-0 11. 0-0 Re8 12. Rfd1 Nf8 13. c5 dxc5 14. dxe5 N6d7 15. Bg3 Ne6 16. Ne4 Ndf8 17. Nd6 Bxd6 18. exd6 Bd7 19. Ne5 Rad8 20. Nc4 Qb5 21. a4 Qb4 22. Be5 Nd4 23. exd4 b5 24. axb5 axb5 25. Nb6 c4 26. Bf3 f6 27. Bg3 Ne6 28. Nxd7 Nxd4 29. Nxf6+ Kf8 30. Qh7 Kf7 31. Bh5+ 1-0

[Event "Zaragoza"]
[Site "Zaragoza"]
[Date "1993.??.??"]
[Round "7"]
[White "Gil Capape, Javier"]
[Black "Tejero Lamana, Santiago"]
[Result "1-0"]
[WhiteElo "2425"]
[BlackElo "2200"]
[PlyCount "65"]
[EventDate "1993.??.??"]
[EventType "tourn"]
[EventRounds "9"]
[EventCountry "ESP"]
[EventCategory "2"]
[SourceTitle "EXT 1997"]
[Source "ChessBase"]
[SourceDate "1996.11.15"]
[SourceVersion "1"]
[SourceVersionDate "1996.11.15"]
[SourceQuality "1"]

1. d4 Nf6 2. c4 e6 3. Nf3 Bb4+ 4. Nc3 b6 5. Bg5 Bb7 6. e3 h6 7. Bh4 g5 8. Bg3 Ne4 9. Qc2 Bxc3+ 10. bxc3 d6 11. Nd2 Nxd2 12. Qxd2 Nd7 13. f3 Qe7 14. e4 e5 15. Be2 0-0-0 16. 0-0 h5 17. h3 Rdg8 18. a4 a5 19. Rab1 g4 20. fxg4 Bxe4 21. Bd3 Bxd3 22. Qxd3 hxg4 23. h4 e4 24. Qe3 Nf6 25. Rf4 Re8 26. Rbf1 Nh5 27. Rxf7 Qe6 28. d5 Qg6 29. c5 Nxg3 30. Qxg3 bxc5 31. R1f6 Qh5 32. Rxc7+ Kb8 33. Qxd6 1-0

[Event "Ponferrada op"]
[Site "Ponferrada"]
[Date "1992.??.??"]
[Round "?"]
[White "Gil Capape, Javier"]
[Black "De la Riva Aguado, Oscar"]
[Result "1-0"]
[WhiteElo "2400"]
[BlackElo "2370"]
[PlyCount "47"]
[EventDate "1992.08.??"]
[EventType "swiss"]
[EventRounds "9"]
[EventCountry "ESP"]
[SourceTitle "EXT 2000"]
[Source "ChessBase"]
[SourceDate "1999.11.16"]
[SourceVersion "1"]
[SourceVersionDate "1999.11.16"]
[SourceQuality "1"]

1. d4 g6 2. c4 Bg7 3. Nf3 d6 4. Nc3 e5 5. e4 exd4 6. Nxd4 Ne7 7. Be3 0-0 8. Be2 Nbc6 9. Qd2 f5 10. exf5 Bxd4 11. Bxd4 Nxf5 12. Be3 Nxe3 13. Qxe3 Bf5 14. 0-0 Qh4 15. Rad1 Rae8 16. Qd2 Be6 17. b3 Rf7 18. f4 Bg4 19. g3 Qh5 20. Bxg4 Qxg4 21. Rde1 Rfe7 22. Nd5 Re2 23. Qd1 Qf3 24. Rxe2 1-0

[Event "ESP-ch"]
[Site "Madrid"]
[Date "1992.??.??"]
[Round "7"]
[White "Gil Capape, Javier"]
[Black "Martin Gonzalez, Angel"]
[Result "1-0"]
[WhiteElo "2400"]
[BlackElo "2430"]
[PlyCount "53"]
[EventDate "1992.11.??"]
[EventType "swiss"]
[EventRounds "9"]
[EventCountry "ESP"]
[SourceTitle "EXT 1998"]
[Source "ChessBase"]
[SourceDate "1997.11.17"]
[SourceVersion "1"]
[SourceVersionDate "1997.11.17"]
[SourceQuality "1"]

1. d4 Nf6 2. c4 c5 3. d5 e6 4. Nc3 exd5 5. cxd5 d6 6. e4 g6 7. f4 Bg7 8. Bb5+ Nfd7 9. Nf3 a6 10. Bd3 b5 11. 0-0 0-0 12. Kh1 c4 13. Bc2 Nc5 14. f5 Nbd7 15. Bg5 Bf6 16. Bh6 Re8 17. Nd4 b4 18. Nc6 Qc7 19. fxg6 hxg6 20. e5 Rxe5 21. Nxe5 Bxe5 22. Rxf7 Kxf7 23. Qg4 Nf8 24. Rf1+ Bf6 25. Rxf6+ Ke7 26. Bxf8+ Kxf6 27. Qxg6+ 1-0